[Event "ESP-ch U14 rapid"]
[Site "Salobrena"]
[Date "2023.07.23"]
[Round "6"]
[White "Moreno Peinado, Julian"]
[Black "Munoz Osete, Marcos"]
[Result "1/2-1/2"]
[WhiteElo "1427"]
[BlackElo "1814"]
[PlyCount "42"]
[EventDate "2023.07.22"]
[EventType "swiss (rapid)"]
[EventRounds "9"]
[EventCountry "ESP"]
[SourceTitle "EXT 2024"]
[Source "ChessBase"]
[SourceDate "2023.10.10"]
[SourceVersion "1"]
[SourceVersionDate "2023.10.10"]
[SourceQuality "1"]

1. e4 c6 2. d4 d5 3. exd5 cxd5 4. Bd3 Nc6 5. c3 Nf6 6. Nf3 g6 7. h3 Bg7 8. 0-0 0-0 9. Re1 Bf5 10. Bxf5 gxf5 11. Bg5 e6 12. Qc1 Qc7 13. Bf4 Qd7 14. Bh6 Ne4 15. Bxg7 Kxg7 16. Rxe4 dxe4 17. Qg5+ Kh8 18. Qf6+ Kg8 19. Qg5+ Kh8 20. Qf6+ Kg8 21. Qg5+ Kh8 1/2-1/2

[Event "ESP-ch U14 rapid"]
[Site "Salobrena"]
[Date "2023.07.22"]
[Round "4"]
[White "Bartolome Benito, Alejandro"]
[Black "Munoz Osete, Marcos"]
[Result "1/2-1/2"]
[WhiteElo "1554"]
[BlackElo "1814"]
[PlyCount "118"]
[EventDate "2023.07.22"]
[EventType "swiss (rapid)"]
[EventRounds "9"]
[EventCountry "ESP"]
[SourceTitle "EXT 2024"]
[Source "ChessBase"]
[SourceDate "2023.10.10"]
[SourceVersion "1"]
[SourceVersionDate "2023.10.10"]
[SourceQuality "1"]

1. e4 c6 2. d4 d5 3. exd5 cxd5 4. Bd3 Nc6 5. c3 Nf6 6. Bf4 g6 7. Nf3 Bg7 8. 0-0 0-0 9. Nbd2 Bf5 10. Bxf5 gxf5 11. Ne5 e6 12. f3 Nxe5 13. Bxe5 Nd7 14. Bxg7 Kxg7 15. g4 Qg5 16. Kh1 Kh8 17. Rg1 Rg8 18. f4 Qxf4 19. Qc2 Rxg4 20. Rxg4 Qxg4 21. Rg1 Qh5 22. c4 Nf6 23. cxd5 Nxd5 24. Qb3 Rg8 25. Qxb7 Rxg1+ 26. Kxg1 Qd1+ 27. Nf1 Qxd4+ 28. Kh1 Qe4+ 29. Kg1 Qg4+ 30. Kh1 Qf3+ 31. Kg1 Kg7 32. Qxa7 Qg4+ 33. Kh1 Nf4 34. Qd4+ Kg6 35. Qf2 Nd3 36. Qd2 Qe4+ 37. Kg1 f4 38. b3 Ne5 39. Qg2+ Qxg2+ 40. Kxg2 Kf5 41. Nd2 Nc6 42. a3 e5 43. h3 e4 44. b4 Nd4 45. a4 f3+ 46. Kf2 Kf4 47. Nc4 Nc2 48. b5 e3+ 49. Nxe3 Nxe3 50. b6 Nd1+ 51. Kf1 Kg3 52. b7 Ne3+ 53. Ke1 f2+ 54. Kd2 Nc4+ 55. Kc3 Kg2 56. b8Q f1Q 57. Qb7+ Kxh3 58. Qc8+ Kg3 59. Qxc4 Qc1+ 1/2-1/2